Apprendre l’allemand lieu/endroit/place - Statistiques

Statistiques générales
  • Ce quiz a été pris 6 fois
  • Le résultat moyen est 16 sur 40
Statistiques - réponses
Français Deutsch % Correct
Maison Das Haus
100%
Hôtel Das Hotel
100%
Jardin Der Garten
80%
Parc Der Park
80%
Église Die Kirche
80%
Métro Die Metro / die U-Bahn
80%
Salle de bain Das Badezimmer
60%
Lycée Das Gymnasium
60%
Hôpital Das Krankenhaus
60%
Restaurant Das Restaurant
60%
Salon Das Wohnzimmer / der Salon
60%
Gare Der Bahnhof
60%
Aéroport Der Flughafen
60%
École Die Schule
60%
Toilettes Die Toilette
60%
Université Die Universität / die Hochschule
60%
Appartement Die Wohnung
60%
Magasin Das Geschäft
40%
Chambre Das Schlafzimmer
40%
Port Der Hafen
40%
Boulangerie Die Bäckerei
40%
Cuisine Die Küche
40%
Salle de sport Das Fitneßstudio / die Sporthalle / die Turnhalle
20%
Cimetière Der Friedhof
20%
Café (lieu) Die Bar / Das Café
20%
Bibliothèque Die Bibliothek
20%
Discothèque Die Disko / die Diskothek
20%
Caserne de pompier Die Feuerwache
20%
Boucherie (magasin) Die Metzgerei
20%
Commissariat de police Die Polizeistation
20%
Station service Die Tankstelle
20%
Bureaux Das Büro
0%
Salon de coiffure Der Friseursalon
0%
Cave Der Keller
0%
Grenier Der Speicher
0%
Plage Der Stand
0%
Débarras Die Abstellraum
0%
Hall d’entrée Die Eingangshalle
0%
Garage Die Garage
0%
Poste Die Post
0%
Aucun quiz correspondant
Distribution des résultats
% des personnes avec chaque résultat
Percentile par nombre de réponses
Votre historique - résultats
Vous n’avez pas pris ce quiz